消滅した町村は現在どこの市町村?(中部地方篇) - Statistics

General Stats
  • This quiz has been taken 23 times
  • The average score is 59 of 126
Answer Stats
消滅した市町村名 現在の市町村名 % Correct
中川根町、本川根町 川根本町
88%
黒埼町、新津市、白根市、豊栄市、小須戸町、横越町、亀田町、岩室村、西川町、味方村、潟東村、月潟村、中之口村、巻町 新潟市
88%
大沢野町、大山町、八尾町、婦中町、山田村、細入村 富山市
88%
清水市、蒲原町、由比町 静岡市
88%
天竜市、浜北市、春野町、龍山村、佐久間町、水窪町、舞阪町、雄踏町、細江町、引佐町、三ケ日町 浜松市
88%
御前崎町、浜岡町 御前崎市
88%
宇奈月町 黒部市
88%
本巣町、真正町、糸貫町、根尾村 本巣市
81%
修善寺町、土肥町、天城湯ヶ島町、中伊豆町 伊豆市
81%
海津町、平田町、南濃町 海津市
81%
両津市、相川町、佐和田町、金井町、新穂村、畑野町、真野町、小木町、羽茂町、赤泊村 佐渡市
81%
十四山村、弥富町 弥富市
81%
武生市、今立町 越前市
81%
新井市、妙高高原町、妙高村 妙高市
81%
城端町、平村、上平村、利賀村、井波町、井口村、福野町、福光町 南砺市
75%
中之島町、越路町、三島町、山古志村、小国町、栃尾市、与板町、和島村、寺泊町、川口町 長岡市
75%
萩原町、小坂町、下呂町、金山町、馬瀬村 下呂市
75%
新居町 湖西市
75%
西枇杷島町、清洲町、新川町、春日町 清須市
75%
田原町、赤羽根町、渥美町 田原市
75%
河口湖町、勝山村、足和田村、上九一色村 富士河口湖町
75%
丹生川村、清見村、荘川村、宮村、久々野町、朝日村、高根村、国府町、上宝村 高山市
69%
名田庄村、大飯町 おおい町
69%
金谷町、川根町 島田市
69%
安塚町、浦川原村、大島村、牧村、柿崎町、大潟町、頸城村、吉川町、中郷村、板倉町、清里村、三和町、名立町 上越市
69%
塩山市、勝沼町、大和村 甲州市
69%
坂下町、川上村、加子母村、付知町、福岡町、蛭川村、山口村 中津川市
69%
松任市、美川町、鶴来町、河内村、吉野谷村、鳥越村、尾口村、白峰村 白山市
69%
一宮町、音羽町、御津町、小坂井町 豊川市
69%
三国町、丸岡町、春江町、坂井町 坂井市
69%
伊豆長岡町、韮山町、大仁町 伊豆の国市
69%
佐久町、八千穂村 佐久穂町
63%
志雄町、押水町 宝達志水町
63%
大岡村、豊野町、戸隠村、鬼無里村、信州新町、中条村 長野市
63%
新湊市、小杉町、大門町、下村、大島町 射水市
63%
小笠村、菊川町 菊川市
63%
明科町、豊科町、穂高町、三郷村、堀金村 安曇野市
63%
三珠町、市川大門町、六郷町 市川三郷町
63%
古川町、河合村、宮川村、神岡町 飛騨市
63%
春日居町、石和町、御坂町、一宮町、八代町、境川村、芦川村 笛吹市
56%
芦原町、金津町 あわら市
56%
明野村、須玉町、高根町、長坂町、大泉村、白州町、武川村、小淵沢町 北杜市
56%
六日町、大和町、塩沢町 南魚沼市
56%
根上町、寺井町、辰口町 能美市
56%
富士川町 富士市
56%
七宝町、美和町、甚目寺町 あま市
56%
中道町、上九一色村 甲府市
56%
木曽福島町、日義村、開田村、三岳村 木曽町
56%
竜王町、敷島町、双葉町 甲斐市
56%
師勝町、西春町 北名古屋市
56%
尾西市、木曽川町 一宮市
56%
藤岡町、小原村、足助町、下山村、旭町、稲武町 豊田市
56%
更埴市、上山田町、戸倉町 千曲市
56%
上石津町、墨俣町 大垣市
50%
分水町、吉田町 燕市
50%
高遠町、長谷村 伊那市
50%
一色町、吉良町、幡豆町 西尾市
50%
三方町、上中町 若狭町
50%
大井川町 焼津市
50%
南条町、今庄町、河野村 南越前町
50%
八幡町、大和町、白鳥町、高鷲村、美並村、明宝村、和良村 郡上市
50%
四賀村、奈川村、安曇村、梓川村、波田町 松本市
50%
田鶴浜町、中島町、能登島町 七尾市
50%
岩村町、山岡町、明智町、串原村、上矢作町 恵那市
50%
堀之内町、小出町、湯之谷村、広神村、守門村、入広瀬村 魚沼市
50%
鳳来町、作手村 新城市
44%
北御牧村、東部町 東御市
44%
南信濃村、上村 飯田市
44%
能生町、青海町 糸魚川市
44%
相良町、榛原町 牧之原市
44%
額田町 岡崎市
44%
佐屋町、立田村、八開村、佐織町 愛西市
44%
丸子町、真田町、武石村 上田市
44%
祖父江町、平和町 稲沢市
44%
穂積町、巣南町 瑞穂市
44%
岡部町 藤枝市
38%
能都町、柳田村、内浦町 能登町
38%
高松町、七塚町、宇ノ気町 かほく市
38%
福田町、竜洋町、豊田町、豊岡村 磐田市
38%
八田村、白根町、芦安村、若草町、櫛形町、甲西町 南アルプス市
38%
臼田町、望月町、浅科村 佐久市
38%
増穂町、鰍沢町 富士川町
38%
中条町、黒川村 胎内市
38%
谷汲村、春日村、久瀬村、藤橋村、坂内村 揖斐川町
38%
富山村 豊根村
38%
牟礼村、三水村 飯綱町
31%
柳津町 岐阜市
31%
川島町 各務原市
31%
戸田村 沼津市
31%
安田町、京ヶ瀬村、水原町、笹神村 阿賀野市
31%
豊富村、玉穂町、田富町 中央市
31%
芝川町 富士宮市
31%
川西町、中里村、松代町、松之山町 十日町市
31%
本城村、坂北村、坂井村 筑北村
31%
福岡町 高岡市
31%
美山町、越廼村、清水町 福井市
25%
豊浦町、加治川村、紫雲寺町 新発田市
25%
洞戸村、板取村、武芸川町、武儀町、上之保村 関市
25%
荒川町、神林村、朝日村、山北町 村上市
25%
松岡町、上志比村 永平寺町
25%
長門町、和田村 長和町
25%
兼山町 可児市
25%
浅羽町 袋井市
19%
富来町 志賀町
19%
八坂村、美麻村 大町市
19%
浪合村、清内路村 阿智村
19%
津川町、鹿瀬町、上川村、三川村 阿賀町
19%
庄川町 砺波市
19%
門前町 輪島市
19%
下部町、中富町 身延町
19%
鳥屋町、鹿島町、鹿西町 中能登町
19%
牧丘町、三富村 山梨市
19%
大須賀町、大東町 掛川市
19%
津具村 設楽町
13%
村松町 五泉市
13%
下田村、栄町 三条市
13%
和泉村 大野市
13%
山中町 加賀市
13%
高柳町、西山町 柏崎市
13%
笠原町 多治見市
13%
朝日村、宮崎村、織田町 越前町
13%
豊田村 中野市
13%
高富町、伊自良村、美山町 山県市
13%
楢川村 塩尻市
13%
賀茂村 西伊豆町
13%
富沢町 南部町
6%
No matching quizzes found
Score Distribution
Percent of People with Each Score
Percentile by Number Answered
Your Score History
You have not taken this quiz